| 000 | 00351nam a2200145 a 4500 | ||
|---|---|---|---|
| 001 | 5387 | ||
| 003 | CDMR | ||
| 005 | 20130320114801.0 | ||
| 008 | 130130s1996||||||||||||||||||||||||||||d | ||
| 040 |
_aCDMR _bcat _cCPC LLEIDA |
||
| 110 |
_9363 _aLleida _b -- Ajuntament |
||
| 245 | 0 | _aPaisatges de l'horta | |
| 260 |
_aLleida _c1996 _bNadales |
||
| 942 |
_cMON _2ddc |
||
| 999 |
_c5387 _d5387 |
||